Normal view MARC view

Entry Personal Name

Number of records used in: 1

001 - CONTROL NUMBER

  • control field: 166888

003 - CONTROL NUMBER IDENTIFIER

  • control field: OSt

005 - DATE AND TIME OF LATEST TRANSACTION

  • control field: 20220923222410.0

008 - FIXED-LENGTH DATA ELEMENTS

  • fixed length control field: 220923|| aca||aabn | a|a d

040 ## - CATALOGING SOURCE

  • Original cataloging agency: OSt
  • Transcribing agency: OSt

100 ## - HEADING--PERSONAL NAME

  • Personal name: केन्द्रीय हिन्दी निदेशालय. वैज्ञानिक तथा तकनीकि शब्दावली आयोग

670 ## - SOURCE DATA FOUND

  • Source citation: Work cat.: (OSt)355527: केन्द्रीय हिन्दी निदेशालय. वैज्ञानिक तथा तकनीकि शब्दावली आयोग 166887, बृहत पारिभाषिक शब्द व संग्रह, 1973
Copyright @ Delhi University Library System